[Event "Knighthood Blitz"]
[Site "Vishy Anand Arena"]
[Date "2020.08.01"]
[Round "8"]
[White "Vishveshk"]
[Black "Zanta"]
[Result "0-1"]
[WhiteElo "1835"]
[BlackElo "1960"]
[Annotator "NA"]
[PlyCount "106"]
[EventDate "2020.08.01"]
[EventType "swiss (blitz)"]

1. e4 e5 2. Nc3 Nf6 3. f4 d5 4. fxe5 Nxe4 5. Nf3 Nxc3 6. bxc3 Be7 7. d4 O-O 8. Bd3 c5 9. O-O Nc6 10. Qe1 f6 11. exf6 Bxf6 12. Kh1 cxd4 13. c4 Bg4 14. Qg3 Bxf3 15. Rxf3 Ne5 16. Rf1 Nxd3 17. Qxd3 dxc4 18. Qxc4+ Kh8 19. Ba3 Re8 20. Rad1 Rc8 21. Qb3 b6 22. Bb2 Qd7 23. c3 d3 24. c4 Bxb2 25. Qxb2 Rxc4 26. Qb3 Rd4 27. Rf7 Qg4 28. h3 Qg6 29. Rdf1 Rdd8 30. Qb5 h6 31. Qb2 d2 32. Qb3 d1=Q 33. Rxd1 Rxd1+ 34. Qxd1 Qxf7 35. a3 Qe6 36. Kh2 Qe5+ 37. Kg1 Qe1+ 38. Qxe1 Rxe1+ 39. Kf2 Ra1 40. Kf3 Rxa3+ 41. Ke4 Rc3 42. g4 Rc5 43. h4 a5 44. h5 a4 45. g5 hxg5 46. h6 a3 47. Kd4 gxh6 48. Kd3 a2 49. Ke4 a1=Q 50. Kf3 Qd1+ 51. Kg3 Rc3+ 52. Kf2 Qd2+ 53. Kf1 Rc1# 0-1

[Event "Knighthood Blitz"]
[Site "Vishy Anand Arena"]
[Date "2020.08.01"]
[Round "8"]
[White "Krithigga2001"]
[Black "kingofall"]
[Result "0-1"]
[WhiteElo "1815"]
[BlackElo "1909"]
[Annotator "NA"]
[PlyCount "158"]
[EventDate "2020.08.01"]
[EventType "swiss (blitz)"]

1. c4 e5 2. g3 Nf6 3. Bg2 c6 4. Nf3 e4 5. Nd4 d5 6. cxd5 cxd5 7. Nc3 Bc5 8. Nb3 Bd6 9. d3 Bb4 10. dxe4 dxe4 11. Qxd8+ Kxd8 12. Bd2 Bxc3 13. Bxc3 Nbd7 14. O-O-O Kc7 15. Nd4 a6 16. Nf5 g6 17. Nd6 Rf8 18. Nxe4 Nxe4 19. Bxe4 f5 20. Bf3 Nf6 21. Bb4 Re8 22. Ba5+ Kb8 23. Rd6 Ne4 24. Bxe4 Rxe4 25. e3 b5 26. Rhd1 Bb7 27. Bb6 a5 28. Rd8+ Bc8 29. R1d5 Ra6 30. Rxb5 Rb4 31. Rxb4 axb4 32. Bc5 Rc6 33. Rd5 Be6 34. Re5 Bxa2 35. Kd2 b3 36. Kc3 Kb7 37. Kb4 Rc7 38. Re7 Rxe7 39. Bxe7 Kc6 40. Kc4 Kd7 41. Bb4 Ke6 42. Kd4 Bb1 43. f3 Bc2 44. e4 fxe4 45. fxe4 Bd1 46. e5 Bc2 47. Bd6 Bd1 48. Kc5 Bc2 49. Kc6 h5 50. Kc7 Bf5 51. Kd8 Bc2 52. Ke8 Bf5 53. Kf8 Bc2 54. Kg7 Bd3 55. Kh6 Bc2 56. Kg5 Bd3 57. g4 hxg4 58. Kxg4 Bf5+ 59. Kg5 Bc2 60. h4 Bb1 61. h5 gxh5 62. Kxh5 Bc2 63. Kg5 Bd1 64. Kf4 Be2 65. Ke3 Bc4 66. Kd4 Bd5 67. Kc3 Kd7 68. Kd4 Be6 69. Kc3 Kc6 70. Kd4 Kd7 71. Kc3 Bf7 72. Kd4 Bg6 73. Kc3 Bc2 74. Kb4 Ke6 75. Kc3 Kd5 76. Kb4 Bf5 77. Kc3 Bc2 78. Kb4 Kc6 79. Kc3 Kb5 0-1

[Event "Knighthood Blitz"]
[Site "Vishy Anand Arena"]
[Date "2020.08.01"]
[Round "8"]
[White "hussaini786"]
[Black "DarkKnight8750"]
[Result "0-1"]
[WhiteElo "1773"]
[BlackElo "1989"]
[Annotator "NA"]
[PlyCount "108"]
[EventDate "2020.08.01"]
[EventType "swiss (blitz)"]

1. e4 c5 2. Nf3 d6 3. d4 cxd4 4. Nxd4 Nf6 5. f3 g6 6. c4 Bg7 7. Nb3 O-O 8. Nc3 Nc6 9. Be3 Be6 10. Be2 Qd7 11. O-O Rab8 12. Rc1 Rfd8 13. Qd2 Ne5 14. Rfd1 Nxc4 15. Bxc4 Bxc4 16. Bxa7 Ra8 17. Bb6 Rdc8 18. Nd4 Ra6 19. b3 Rxb6 20. bxc4 Rxc4 21. Qd3 Rc8 22. Nb3 Rbc6 23. Nd5 Nxd5 24. Qxd5 Rxc1 25. Rxc1 Rxc1+ 26. Nxc1 e6 27. Qa5 d5 28. exd5 exd5 29. Nd3 d4 30. Kf2 Qe6 31. Qd8+ Bf8 32. Qxd4 Qxa2+ 33. Qb2 Bc5+ 34. Ke2 Qe6+ 35. Kf1 Qc4 36. Qe2 b6 37. Qe8+ Bf8 38. Qe2 b5 39. Nb2 Qc1+ 40. Nd1 b4 41. Ke1 b3 42. Qd2 Qc2 43. Ne3 Qb1+ 44. Nd1 Qa2 45. Qb2 Bb4+ 46. Ke2 Ba3 47. Qxa2 bxa2 48. Nc3 a1=Q 49. Ne4 Qb2+ 50. Ke3 Bb4 51. Kf4 f5 52. Kg5 fxe4 53. Kh4 Qe5 54. Kh3 Bd6 0-1

[Event "Knighthood Blitz"]
[Site "Vishy Anand Arena"]
[Date "2020.08.01"]
[Round "8"]
[White "F Manish Anto Cristiano"]
[Black "Shubham37908"]
[Result "1-0"]
[WhiteElo "1730"]
[BlackElo "1458"]
[Annotator "NA"]
[PlyCount "71"]
[EventDate "2020.08.01"]
[EventType "swiss (blitz)"]

1. e4 e5 2. Nf3 Nc6 3. Bb5 d6 4. O-O a6 5. Bxc6+ bxc6 6. d4 Bg4 7. dxe5 dxe5 8. Qxd8+ Rxd8 9. Nxe5 Bd7 10. Nc3 Nf6 11. Bg5 Bb4 12. Rad1 Bxc3 13. bxc3 Be6 14. Nxc6 Rxd1 15. Rxd1 O-O 16. Bxf6 gxf6 17. a4 Kg7 18. a5 Bg4 19. f3 Bc8 20. Rb1 Bd7 21. Ne7 Re8 22. Nd5 c6 23. Nc7 Rc8 24. Nxa6 f5 25. Nc5 Be8 26. exf5 Kf6 27. g4 h5 28. Kf2 hxg4 29. fxg4 Kg5 30. Kg3 f6 31. h4+ Kh6 32. Kf4 Bf7 33. Rb7 Bd5 34. g5+ fxg5+ 35. hxg5+ Kh5 36. Rh7# 1-0

[Event "Knighthood Blitz"]
[Site "Vishy Anand Arena"]
[Date "2020.08.01"]
[Round "8"]
[White "samjrao"]
[Black "Thee_Riddler"]
[Result "0-1"]
[WhiteElo "1718"]
[BlackElo "1766"]
[Annotator "NA"]
[PlyCount "108"]
[EventDate "2020.08.01"]
[EventType "swiss (blitz)"]

1. e4 d5 2. Nf3 dxe4 3. Ng5 Nf6 4. d3 exd3 5. Bxd3 Nc6 6. O-O Bg4 7. Qe1 e6 8. Ne4 Bd6 9. h3 Bh5 10. Nbc3 O-O 11. Bg5 Be7 12. Bxf6 Bxf6 13. Nxf6+ Qxf6 14. Ne4 Qd4 15. Rd1 Qb6 16. b3 Bg6 17. Kh1 Rad8 18. f4 Nd4 19. Qg3 Nf5 20. Qh2 Ne3 21. Rde1 Nxf1 22. Rxf1 Qe3 23. Rf3 Qc1+ 24. Rf1 Qb2 25. a4 Qd4 26. Nf2 Bxd3 27. Nxd3 Qc3 28. Rf2 h6 29. Qg3 Rfe8 30. Kh2 Kh7 31. f5 exf5 32. Rxf5 Qxc2 33. Rxf7 Qc3 34. Nf4 Qxg3+ 35. Kxg3 Rc8 36. Nh5 Rg8 37. Rd7 c5 38. Nf6+ Kh8 39. Nxg8 Kxg8 40. Rxb7 a5 41. Ra7 c4 42. bxc4 Rxc4 43. Rxa5 Rc3+ 44. Kf4 Kf7 45. Ra7+ Kg6 46. Ra6+ Kf7 47. Ra7+ Ke6 48. Ra6+ Ke7 49. Ra7+ Kd6 50. Rxg7 Rc4+ 51. Kg3 Rxa4 52. Kh2 Ra3 53. Rg6+ Ke5 54. Rxh6 Kf5 0-1

[Event "Knighthood Blitz"]
[Site "Vishy Anand Arena"]
[Date "2020.08.01"]
[Round "8"]
[White "davidcheetah"]
[Black "Vijayreddy29"]
[Result "0-1"]
[WhiteElo "1695"]
[BlackElo "1611"]
[Annotator "NA"]
[PlyCount "138"]
[EventDate "2020.08.01"]
[EventType "swiss (blitz)"]

1. d4 e6 2. Nf3 d5 3. Bg5 Nf6 4. Nbd2 Be7 5. e3 O-O 6. Bd3 c5 7. c3 cxd4 8. exd4 Nc6 9. O-O h6 10. Bh4 b6 11. a4 Bb7 12. Bg3 Rc8 13. Ne5 Nd7 14. Ndf3 Bf6 15. Ng4 Be7 16. Nfe5 Nf6 17. Nxf6+ Bxf6 18. Nxc6 Bxc6 19. Bc2 Re8 20. Qd3 g6 21. Bf4 Bg7 22. Qe3 h5 23. Bg5 Bf6 24. Bxf6 Qxf6 25. h3 e5 26. Rfe1 exd4 27. Qxd4 Qxd4 28. cxd4 Bd7 29. Bd3 Be6 30. Rac1 Kf8 31. Bb5 Red8 32. Rc6 Rxc6 33. Bxc6 Rc8 34. Bb5 Rc2 35. Rb1 Bf5 36. b4 Rxf2 37. Kxf2 Bxb1 38. a5 Be4 39. g3 Ke7 40. Ke3 f6 41. h4 g5 42. hxg5 fxg5 43. axb6 axb6 44. Be2 h4 45. gxh4 gxh4 46. Bg4 Kf6 47. Kf4 Kg6 48. Bh3 Kh6 49. Be6 Kh5 50. Bg4+ Kh6 51. Bh3 Bh1 52. Bd7 Bg2 53. Bg4 h3 54. Kg3 Kg5 55. Bd7 Kf6 56. Bc8 Ke7 57. Bf5 Kd6 58. Bd3 Kc6 59. b5+ Kd6 60. Be2 Ke6 61. Bg4+ Kf6 62. Be2 Kf5 63. Bd3+ Kg5 64. Bh7 Be4 65. Bg8 Bf5 66. Bxd5 Kf6 67. Bf3 Ke7 68. Bc6 Kd6 69. Bf3 Be6 0-1

[Event "Knighthood Blitz"]
[Site "Vishy Anand Arena"]
[Date "2020.08.01"]
[Round "8"]
[White "Babykandy"]
[Black "Gonda"]
[Result "1-0"]
[WhiteElo "1691"]
[BlackElo "1532"]
[Annotator "NA"]
[PlyCount "73"]
[EventDate "2020.08.01"]
[EventType "swiss (blitz)"]

1. d4 Nf6 2. Bf4 d5 3. e3 e6 4. Nf3 Be7 5. Bd3 O-O 6. O-O Nbd7 7. c4 c5 8. Nc3 cxd4 9. exd4 dxc4 10. Bxc4 b6 11. d5 exd5 12. Nxd5 Bb7 13. Nxe7+ Qxe7 14. Bd6 Qe4 15. Bxf8 Rxf8 16. Bd3 Qc6 17. Rc1 Qe6 18. Bc4 Qe8 19. Re1 Qa8 20. Be2 Rd8 21. Qb3 Nc5 22. Qc4 Bd5 23. Qh4 h6 24. Red1 g5 25. Qxh6 Bxf3 26. Bxf3 Rxd1+ 27. Rxd1 Nce4 28. Bxe4 Nxe4 29. f3 Nc5 30. Qxg5+ Kf8 31. Rd8+ Qxd8 32. Qxd8+ Kg7 33. Qd4+ f6 34. h4 Kg6 35. Qg4+ Kh6 36. h5 Nd3 37. Qg6# 1-0

[Event "Knighthood Blitz"]
[Site "Vishy Anand Arena"]
[Date "2020.08.01"]
[Round "8"]
[White "Beastmaari"]
[Black "Indrajeet4ever"]
[Result "1-0"]
[WhiteElo "1685"]
[BlackElo "1530"]
[Annotator "NA"]
[PlyCount "59"]
[EventDate "2020.08.01"]
[EventType "swiss (blitz)"]

1. d4 Nf6 2. Nf3 d5 3. Bf4 c5 4. e3 Qb6 5. Qc1 c4 6. c3 Bf5 7. Nbd2 e6 8. b3 cxb3 9. axb3 Bd6 10. Ne5 Nbd7 11. Be2 Nxe5 12. dxe5 Bxe5 13. Bxe5 Ne4 14. Nxe4 Bxe4 15. Bd4 Qxb3 16. O-O O-O 17. Ra3 Qc2 18. Qxc2 Bxc2 19. Rxa7 Rxa7 20. Bxa7 Be4 21. f3 Bg6 22. Bc5 Rc8 23. Bb4 h6 24. Ra1 Rc6 25. Ra7 Rb6 26. h4 f6 27. g4 Be8 28. Ra8 Kf7 29. Bd3 Bc6 30. Rf8# 1-0

[Event "Knighthood Blitz"]
[Site "Vishy Anand Arena"]
[Date "2020.08.01"]
[Round "8"]
[White "Sohammdh"]
[Black "Gak_chess"]
[Result "0-1"]
[WhiteElo "1670"]
[BlackElo "2288"]
[PlyCount "62"]
[EventDate "2020.08.01"]
[EventType "swiss (blitz)"]

1. e4 c6 2. d4 d5 3. e5 Bf5 4. h4 h5 5. Bd3 Bxd3 6. Qxd3 e6 7. Nf3 Qa5+ 8. Bd2 Qa6 9. Qe3 Nh6 10. Nc3 Nf5 11. Qf4 g6 12. Ng5 c5 13. Be3 cxd4 14. Bxd4 Nc6 15. Nf3 Bh6 16. Qh2 Ncxd4 17. Nxd4 Nxd4 18. f4 Nxc2+ 19. Kd2 Nxa1 20. Rxa1 Rc8 21. Rc1 Rc4 22. g3 O-O 23. Rg1 Rfc8 24. Qh3 d4 25. Rc1 dxc3+ 26. Rxc3 Rxc3 27. bxc3 Qxa2+ 28. Kd3 Rd8+ 29. Ke3 Qd2+ 30. Kf3 Rd3+ 31. Ke4 Qe2# 0-1

[Event "Knighthood Blitz"]
[Site "Vishy Anand Arena"]
[Date "2020.08.01"]
[Round "8"]
[White "Mandy64theking"]
[Black "saisujan2005"]
[Result "1-0"]
[WhiteElo "1659"]
[BlackElo "1757"]
[Annotator "NA"]
[PlyCount "51"]
[EventDate "2020.08.01"]
[EventType "swiss (blitz)"]

1. e4 c5 2. Nc3 Nc6 3. f4 g6 4. Nf3 Bg7 5. Bb5 e6 6. Bxc6 dxc6 7. e5 Ne7 8. Ne4 b6 9. Nd6+ Kf8 10. Ng5 Nf5 11. Ndxf7 Qd4 12. c3 Qxf4 13. Rf1 Qh4+ 14. g3 Qxh2 15. d4 Qxg3+ 16. Rf2 Rg8 17. Bf4 Qg1+ 18. Rf1 Qg2 19. Nd6 h6 20. Nh7+ Ke7 21. Nf6 Ba6 22. c4 Nxd4 23. Rc1 Rad8 24. Nfe4 g5 25. Bxg5+ hxg5 26. Rf7# 1-0

[Event "Knighthood Blitz"]
[Site "Vishy Anand Arena"]
[Date "2020.08.01"]
[Round "8"]
[White "Surisai"]
[Black "VugarAsadli"]
[Result "0-1"]
[WhiteElo "1651"]
[BlackElo "2267"]
[PlyCount "52"]
[EventDate "2020.08.01"]
[EventType "swiss (blitz)"]

1. e4 g6 2. Nf3 Bg7 3. d4 d6 4. Nc3 a6 5. Bc4 b5 6. Bb3 e6 7. O-O Ne7 8. Ne2 Bb7 9. Ng3 Nd7 10. d5 exd5 11. exd5 O-O 12. c4 bxc4 13. Bxc4 Nb6 14. Bb3 Nexd5 15. Bxd5 Nxd5 16. Bg5 Qd7 17. Rb1 Rfe8 18. Qd2 Nb6 19. Nd4 Nc4 20. Qf4 c5 21. Nf3 Ne5 22. Bf6 Bxf3 23. gxf3 Bxf6 24. Qxf6 Re6 25. Qg5 Nxf3+ 26. Kg2 Nxg5 0-1

[Event "Knighthood Blitz"]
[Site "Vishy Anand Arena"]
[Date "2020.08.01"]
[Round "8"]
[White "duvvaabbulu"]
[Black "Vamsidasarik"]
[Result "0-1"]
[WhiteElo "1648"]
[BlackElo "1636"]
[Annotator "NA"]
[PlyCount "64"]
[EventDate "2020.08.01"]
[EventType "swiss (blitz)"]

1. e4 b6 2. d4 Bb7 3. Nc3 g6 4. Nf3 Bg7 5. Be3 d6 6. Qd2 Nd7 7. Bc4 e6 8. O-O-O a6 9. Ng5 Qe7 10. f4 O-O-O 11. d5 e5 12. Qd3 a5 13. Ba6 Nc5 14. Bxc5 dxc5 15. Bxb7+ Kxb7 16. fxe5 Qxg5+ 17. Kb1 Qxe5 18. Qb5 Ne7 19. Rhf1 f5 20. exf5 gxf5 21. Rfe1 Qd6 22. Re6 Qd7 23. Qe2 Bxc3 24. Rxe7 Qd6 25. bxc3 Qxh2 26. d6 Rxd6 27. Rxc7+ Kxc7 28. Qe7+ Kc6 29. Re1 Rhd8 30. Kb2 Qxg2 31. Qa7 Qf2 32. Re7 R6d7 0-1

[Event "Knighthood Blitz"]
[Site "Vishy Anand Arena"]
[Date "2020.08.01"]
[Round "8"]
[White "HarshPandit"]
[Black "Beradia"]
[Result "1-0"]
[WhiteElo "1642"]
[BlackElo "1612"]
[Annotator "NA"]
[PlyCount "77"]
[EventDate "2020.08.01"]
[EventType "swiss (blitz)"]

1. d4 Nf6 2. c4 d5 3. Nc3 e6 4. Bf4 Bb4 5. Nf3 O-O 6. e3 Bxc3+ 7. bxc3 c6 8. Bd3 Nbd7 9. O-O Nb6 10. cxd5 cxd5 11. Rb1 Ne4 12. Qc2 f5 13. Ne5 Nd7 14. f3 Nxe5 15. Bxe5 Nd6 16. Qb3 Nf7 17. Bg3 b6 18. e4 fxe4 19. fxe4 dxe4 20. Bxe4 Ba6 21. Bxa8 Bxf1 22. Rxf1 Qxa8 23. Qxe6 h6 24. Bd6 Qb7 25. Bxf8 Kxf8 26. d5 b5 27. Qc6 Qe7 28. Qc8+ Qe8 29. Qxe8+ Kxe8 30. Rb1 a6 31. Kf2 Kd7 32. Ke3 Kd6 33. Kd4 Ne5 34. Re1 Nc4 35. Re6+ Kd7 36. Rxa6 h5 37. Kc5 Nd6 38. Rxd6+ Kc7 39. Rc6+ 1-0

[Event "Knighthood Blitz"]
[Site "Vishy Anand Arena"]
[Date "2020.08.01"]
[Round "8"]
[White "Lazylemon123"]
[Black "Adireddytarun"]
[Result "0-1"]
[WhiteElo "1640"]
[BlackElo "1444"]
[Annotator "NA"]
[PlyCount "60"]
[EventDate "2020.08.01"]
[EventType "swiss (blitz)"]

1. e4 c5 2. Nf3 d6 3. Bc4 Nf6 4. a3 e6 5. Nc3 Be7 6. d3 O-O 7. h4 a6 8. Bd2 b5 9. Ba2 Bb7 10. Qe2 d5 11. exd5 exd5 12. O-O-O d4 13. Ne4 Nxe4 14. Qxe4 Bxe4 15. dxe4 Nd7 16. Ng5 h6 17. Nf3 Qc7 18. Rdg1 Kh8 19. g4 f6 20. g5 fxg5 21. hxg5 Rxf3 22. gxh6 g5 23. Bxg5 Bxg5+ 24. Rxg5 Qf4+ 25. Kb1 Qxg5 26. h7 Qg2 27. Rc1 Rxf2 28. c3 Rxb2+ 29. Ka1 Rxa2+ 30. Kb1 Qb2# 0-1

[Event "Knighthood Blitz"]
[Site "Vishy Anand Arena"]
[Date "2020.08.01"]
[Round "8"]
[White "Varun_nair"]
[Black "Enthusiast"]
[Result "1-0"]
[WhiteElo "1624"]
[BlackElo "1520"]
[Annotator "NA"]
[PlyCount "93"]
[EventDate "2020.08.01"]
[EventType "swiss (blitz)"]

1. d4 d5 2. Bf4 e6 3. Nf3 Bd6 4. Bg3 Bxg3 5. hxg3 h6 6. e3 Nf6 7. Nbd2 c6 8. Bd3 Nbd7 9. c3 Qe7 10. Qc2 b5 11. a3 c5 12. b3 a6 13. c4 Bb7 14. cxb5 axb5 15. Bxb5 Rc8 16. Rc1 cxd4 17. Qxc8+ Bxc8 18. Rxc8+ Qd8 19. Bxd7+ Ke7 20. Rxd8 Rxd8 21. Ba4 dxe3 22. fxe3 Rc8 23. O-O Rc2 24. Ne5 Rxd2 25. Nc6+ Kd6 26. Rb1 Ng4 27. b4 Nxe3 28. b5 Rxg2+ 29. Kh1 Rxg3 30. b6 Rh3+ 31. Kg1 Rh4 32. b7 Rxa4 33. b8=Q+ Kxc6 34. Rb6+ Kc5 35. Rb5+ Kd4 36. Rb4+ Rxb4 37. Qxb4+ Nc4 38. a4 e5 39. a5 e4 40. a6 e3 41. a7 Ke5 42. a8=Q Nd2 43. Qe8+ Kf6 44. Qd6+ Kf5 45. Qee5+ Kg4 46. Qf4+ Kh3 47. Qg3# 1-0

[Event "Knighthood Blitz"]
[Site "Vishy Anand Arena"]
[Date "2020.08.01"]
[Round "8"]
[White "Ishwar Lal Patel"]
[Black "Sidba"]
[Result "1-0"]
[WhiteElo "1622"]
[BlackElo "1765"]
[Annotator "NA"]
[PlyCount "33"]
[EventDate "2020.08.01"]
[EventType "swiss (blitz)"]

1. d4 d5 2. Bf4 Nf6 3. Nf3 g6 4. c3 Bg7 5. Nbd2 O-O 6. e4 Bg4 7. e5 Ne4 8. Bd3 Nxd2 9. Bxd2 Nd7 10. h3 Bxf3 11. Qxf3 c6 12. h4 Qb6 13. O-O-O a5 14. h5 c5 15. Qh3 cxd4 16. hxg6 hxg6 17. Qh7# 1-0

[Event "Knighthood Blitz"]
[Site "Vishy Anand Arena"]
[Date "2020.08.01"]
[Round "8"]
[White "Mohit chandwani"]
[Black "Arunava"]
[Result "0-1"]
[WhiteElo "1595"]
[BlackElo "1765"]
[Annotator "NA"]
[PlyCount "80"]
[EventDate "2020.08.01"]
[EventType "swiss (blitz)"]

1. e4 c5 2. d4 cxd4 3. Qxd4 Nc6 4. Qd1 Nf6 5. Bd3 g6 6. a3 Bg7 7. Nf3 O-O 8. Bd2 d5 9. e5 Ng4 10. Qe2 Ngxe5 11. Nxe5 Nxe5 12. Bc3 Nxd3+ 13. Qxd3 e5 14. O-O Bf5 15. Qd2 Re8 16. Ba5 b6 17. Bb4 a5 18. Nc3 d4 19. Ne2 axb4 20. axb4 Qd5 21. c3 Rxa1 22. Rxa1 Ra8 23. Rxa8+ Qxa8 24. cxd4 Qa1+ 25. Qc1 Qxc1+ 26. Nxc1 exd4 27. b3 Bh6 28. Ne2 d3 29. Nc3 d2 30. Nd1 Bc2 31. Ne3 Bxe3 32. fxe3 d1=Q+ 33. Kf2 Qd2+ 34. Kf3 f5 35. h3 Be4+ 36. Kf4 Qd6+ 37. Kg5 Kg7 38. g4 h6+ 39. Kh4 g5+ 40. Kh5 Qg6# 0-1

[Event "Knighthood Blitz"]
[Site "Vishy Anand Arena"]
[Date "2020.08.01"]
[Round "8"]
[White "Ym27"]
[Black "PrabhuBadkas"]
[Result "0-1"]
[WhiteElo "1583"]
[BlackElo "1456"]
[Annotator "NA"]
[PlyCount "120"]
[EventDate "2020.08.01"]
[EventType "swiss (blitz)"]

1. e4 e5 2. Nf3 Nc6 3. Bc4 Nf6 4. Nc3 Bc5 5. d3 h6 6. a3 d6 7. h3 Be6 8. Nd5 Bxd5 9. exd5 Nd4 10. c3 Nxf3+ 11. Qxf3 O-O 12. Be3 Bb6 13. O-O Re8 14. Qg3 Kh7 15. Qf3 Qd7 16. a4 c6 17. dxc6 bxc6 18. b4 a6 19. Qe2 Bxe3 20. Qxe3 d5 21. Bb3 Qf5 22. Rac1 e4 23. dxe4 Rxe4 24. Qg3 Nh5 25. Qh2 Re2 26. Bd1 Rb2 27. Re1 Kh8 28. Bf3 Nf4 29. Bg4 Qf6 30. Bf3 Nd3 31. Rcd1 Nxe1 32. Rxe1 Qxc3 33. Qf4 Rb3 34. Re3 Qc1+ 35. Kh2 Rxe3 36. fxe3 Qb2 37. Qxf7 Qf6 38. Qb7 Qd6+ 39. Kh1 Rf8 40. Qxa6 Qxb4 41. a5 Qd6 42. Qb7 Rb8 43. Qxb8+ Qxb8 44. Kg1 Qa7 45. Kf2 Qxa5 46. Kg3 c5 47. Kf2 c4 48. Bxd5 c3 49. Be4 Qd5 50. Bxd5 Kh7 51. Be4+ g6 52. Bc2 Kg7 53. Kf3 Kf6 54. Ke4 Kg5 55. Kd4 h5 56. Kxc3 Kf6 57. Kd4 g5 58. Bd3 g4 59. Be4 gxh3 60. Bf3 h4 0-1

[Event "Knighthood Blitz"]
[Site "Vishy Anand Arena"]
[Date "2020.08.01"]
[Round "8"]
[White "SubashRaj"]
[Black "Anandfan"]
[Result "0-1"]
[WhiteElo "1580"]
[BlackElo "1802"]
[Annotator "NA"]
[PlyCount "35"]
[EventDate "2020.08.01"]
[EventType "swiss (blitz)"]

1. c4 e5 2. g3 Nc6 3. Bg2 Nf6 4. Nc3 Bb4 5. Nd5 Bc5 6. Nf3 d6 7. d3 h6 8. Nd2 a5 9. O-O O-O 10. Nb3 Ba7 11. e4 a4 12. Nd2 Nd4 13. Nf3 Bg4 14. Be3 c6 15. Nc3 d5 16. Bxd4 exd4 17. Ne2 dxe4 18. Nfxd4 0-1

[Event "Knighthood Blitz"]
[Site "Vishy Anand Arena"]
[Date "2020.08.01"]
[Round "8"]
[White "ABCD64"]
[Black "Karthikmurux"]
[Result "1-0"]
[WhiteElo "1572"]
[BlackElo "1572"]
[Annotator "NA"]
[PlyCount "73"]
[EventDate "2020.08.01"]
[EventType "swiss (blitz)"]

1. d4 Nf6 2. c4 g6 3. Nc3 Bg7 4. e4 d6 5. Nf3 O-O 6. Be2 Nbd7 7. O-O c5 8. d5 a6 9. a4 Re8 10. h3 Nf8 11. Qc2 e6 12. dxe6 Nxe6 13. Rd1 Qc7 14. Nd5 Nxd5 15. exd5 Nd4 16. Nxd4 Bxd4 17. Bd3 Bd7 18. Bd2 Rab8 19. Bc3 Bxc3 20. Qxc3 b5 21. axb5 axb5 22. b3 bxc4 23. bxc4 Qb6 24. Rdb1 Qc7 25. Qf6 Rxb1+ 26. Rxb1 Ba4 27. h4 Rb8 28. Rxb8+ Qxb8 29. h5 Qb3 30. h6 Qd1+ 31. Bf1 Kf8 32. Qd8+ Be8 33. Qxd6+ Kg8 34. Qe5 Kf8 35. d6 Qd4 36. Qe7+ Kg8 37. Qxe8# 1-0

[Event "Knighthood Blitz"]
[Site "Vishy Anand Arena"]
[Date "2020.08.01"]
[Round "8"]
[White "Sanjo_hunter"]
[Black "Setumadhav"]
[Result "0-1"]
[WhiteElo "1572"]
[BlackElo "1700"]
[Annotator "NA"]
[PlyCount "78"]
[EventDate "2020.08.01"]
[EventType "swiss (blitz)"]

1. e4 c5 2. Nf3 d6 3. Bc4 Nc6 4. d3 Nf6 5. Be3 e6 6. a3 Be7 7. Nbd2 O-O 8. h3 h6 9. Nf1 d5 10. e5 Nd7 11. Bb5 Ncxe5 12. Nxe5 Nxe5 13. Ng3 Bd7 14. Bxd7 Qxd7 15. Qd2 Ng6 16. O-O d4 17. Bxh6 gxh6 18. Qxh6 Bf6 19. Nh5 Bh8 20. Rae1 Rfe8 21. Re4 Qe7 22. Rfe1 Qf8 23. Qg5 Bg7 24. Nxg7 Qxg7 25. h4 Rad8 26. Rg4 Rd5 27. Qd2 Kh7 28. Ree4 Rh5 29. Rg5 Qh6 30. Reg4 Rxg5 31. Rxg5 Nxh4 32. Qf4 Nf5 33. g4 Rg8 34. Rh5 Qxh5 35. Kf1 Qxg4 36. Qe5 Qd1+ 37. Qe1 Rg1+ 38. Kxg1 Qxe1+ 39. Kg2 Nh4+ 0-1

[Event "Knighthood Blitz"]
[Site "Vishy Anand Arena"]
[Date "2020.08.01"]
[Round "8"]
[White "Sougata"]
[Black "Architsaigal"]
[Result "0-1"]
[WhiteElo "1541"]
[BlackElo "1573"]
[Annotator "NA"]
[PlyCount "104"]
[EventDate "2020.08.01"]
[EventType "swiss (blitz)"]

1. e4 c6 2. d4 d5 3. Nc3 dxe4 4. Nxe4 Bf5 5. Ng3 Bg6 6. h4 h6 7. h5 Bh7 8. Nf3 Nd7 9. Bd3 Bxd3 10. Qxd3 e6 11. Bf4 Ngf6 12. Ne4 Nd5 13. Bh2 Be7 14. O-O-O Qa5 15. Kb1 Nb4 16. Qb3 O-O 17. Nd6 b6 18. Nc4 Qa6 19. Nfe5 Nxe5 20. Nxe5 c5 21. dxc5 bxc5 22. Rd7 Bf6 23. Nc4 Qc6 24. Rhd1 Qxg2 25. Bg3 Qc6 26. Na5 Qb6 27. Nc4 Qc6 28. a3 Nd5 29. Rb7 a5 30. Be5 a4 31. Qb5 Qxb5 32. Rxb5 Bxe5 33. Nxe5 Rfc8 34. c4 Nf6 35. Rb7 Rf8 36. Rd6 Rab8 37. Rxb8 Rxb8 38. Rc6 Ne4 39. f3 Nd2+ 40. Kc2 Nf1 41. Rxc5 Ne3+ 42. Kd2 Nf5 43. Ra5 Rxb2+ 44. Kc3 Rb3+ 45. Kc2 Rxa3 46. c5 Nd4+ 47. Kb2 Rb3+ 48. Kc1 a3 49. c6 a2 50. c7 Rc3+ 51. Kb2 Rc2+ 52. Ka1 Nb3# 0-1

[Event "Knighthood Blitz"]
[Site "Vishy Anand Arena"]
[Date "2020.08.01"]
[Round "8"]
[White "Sohamshirode28"]
[Black "Subhranp"]
[Result "1-0"]
[WhiteElo "1533"]
[BlackElo "1482"]
[Annotator "NA"]
[PlyCount "71"]
[EventDate "2020.08.01"]
[EventType "swiss (blitz)"]

1. c4 e5 2. g3 Nf6 3. Bg2 c6 4. d4 exd4 5. Qxd4 Be7 6. Nc3 O-O 7. Nf3 d6 8. O-O Bf5 9. e4 Bg4 10. Be3 Nbd7 11. h3 Bh5 12. b4 Qc7 13. Bf4 Bxf3 14. Bxf3 Ne5 15. Bg2 Rad8 16. Rad1 b6 17. c5 bxc5 18. bxc5 Qa5 19. cxd6 Bxd6 20. Qe3 Nc4 21. Qc1 Bxf4 22. gxf4 Nb6 23. Rxd8 Rxd8 24. e5 Nfd5 25. Nxd5 Nxd5 26. Qxc6 Nxf4 27. Rc1 Nxg2 28. Kxg2 Qxe5 29. Qc7 Qe4+ 30. f3 Qe2+ 31. Kg3 Re8 32. Qc8 h6 33. Qc4 Qe5+ 34. f4 Qe3+ 35. Kg2 Qe2+ 36. Kg1 1-0

[Event "Knighthood Blitz"]
[Site "Vishy Anand Arena"]
[Date "2020.08.01"]
[Round "8"]
[White "adireddyarjun"]
[Black "michaelraj_98"]
[Result "0-1"]
[WhiteElo "1515"]
[BlackElo "1988"]
[Annotator "NA"]
[PlyCount "62"]
[EventDate "2020.08.01"]
[EventType "swiss (blitz)"]

1. e4 e5 2. Nf3 Nc6 3. Bb5 Nf6 4. O-O Nxe4 5. Re1 Nd6 6. Bxc6 dxc6 7. Nxe5 Be7 8. Nc3 O-O 9. d4 Bf6 10. Bf4 Nf5 11. Ne2 Re8 12. c3 c5 13. dxc5 Qe7 14. Nd4 Qxc5 15. Nd3 Rxe1+ 16. Qxe1 Qf8 17. Nxf5 Bxf5 18. Ne5 Re8 19. Qe3 Bxe5 20. Bxe5 f6 21. Qxa7 Rxe5 22. Qxb7 Qe7 23. h3 Be4 24. Qb8+ Kf7 25. Re1 Bd5 26. Rxe5 Qxe5 27. a4 Kg6 28. a5 Qe1+ 29. Kh2 Qxf2 30. Qe8+ Kh6 31. Qe4 Bxe4 0-1

[Event "Knighthood Blitz"]
[Site "Vishy Anand Arena"]
[Date "2020.08.01"]
[Round "8"]
[White "Shikhar karn"]
[Black "Bennyjoseph"]
[Result "1-0"]
[WhiteElo "1504"]
[BlackElo "1719"]
[Annotator "NA"]
[PlyCount "67"]
[EventDate "2020.08.01"]
[EventType "swiss (blitz)"]

1. e4 e5 2. Nf3 Nc6 3. Bc4 Nf6 4. Nc3 Be7 5. d3 O-O 6. Be3 d6 7. Nd5 h6 8. Nxe7+ Nxe7 9. h3 Be6 10. Bxe6 fxe6 11. a3 d5 12. exd5 Qxd5 13. c4 Qa5+ 14. Bd2 Qc5 15. b4 Qd6 16. Be3 Rad8 17. Bc5 Qd7 18. Nxe5 Qe8 19. Bxe7 Qxe7 20. Ng6 Qd7 21. Nxf8 Rxf8 22. O-O e5 23. Re1 Qe6 24. d4 e4 25. f3 e3 26. d5 Qe5 27. Qd3 Re8 28. Rac1 Qb2 29. Rc2 Qe5 30. Rce2 Nh5 31. Rxe3 Qg3 32. Rxe8+ Kf7 33. Qf5+ Nf6 34. R1e7# 1-0

[Event "Knighthood Blitz"]
[Site "Vishy Anand Arena"]
[Date "2020.08.01"]
[Round "8"]
[White "gingeekannan"]
[Black "HRICK2008"]
[Result "1-0"]
[WhiteElo "1500"]
[BlackElo "1489"]
[Annotator "NA"]
[PlyCount "31"]
[EventDate "2020.08.01"]
[EventType "swiss (blitz)"]

1. e4 Nf6 2. e5 Nd5 3. c4 Nb6 4. c5 Nd5 5. Nc3 Nxc3 6. dxc3 d6 7. Bc4 e6 8. cxd6 cxd6 9. Nf3 d5 10. Bd3 Nc6 11. O-O h6 12. Be3 Be7 13. Qd2 O-O 14. Bxh6 gxh6 15. Qxh6 Nxe5 16. Qh7# 1-0

[Event "Knighthood Blitz"]
[Site "Vishy Anand Arena"]
[Date "2020.08.01"]
[Round "8"]
[White "Quality_959"]
[Black "Kirajos"]
[Result "1-0"]
[WhiteElo "1486"]
[BlackElo "1388"]
[Annotator "NA"]
[PlyCount "57"]
[EventDate "2020.08.01"]
[EventType "swiss (blitz)"]

1. d4 c5 2. d5 Nf6 3. Nc3 d6 4. e4 e5 5. Bg5 Be7 6. Nf3 O-O 7. Be2 Bd7 8. O-O Ng4 9. Bxe7 Qxe7 10. h3 Nh6 11. Nd2 f5 12. exf5 Rxf5 13. Bd3 Rg5 14. Nde4 Rg6 15. Kh1 Nf5 16. Bc4 Nh4 17. Ng3 Nf5 18. Nxf5 Bxf5 19. Qf3 Qg5 20. Nb5 e4 21. Qg3 Qh5 22. Qh2 Na6 23. Nxd6 Rxd6 24. Qxd6 Bxh3 25. gxh3 Qxh3+ 26. Qh2 Qf3+ 27. Kg1 Qg2+ 28. Qxg2 Re8 29. d6+ 1-0